000 00488nam a2200193Ia 4500
008 170918s9999 xx 000 0 und d
020 _a64401847
050 _bP296 1977
100 _aPaterson, Katherine
245 _aBridge to Terabithia /
245 _cKatherine Paterson ; illustrated by Donna Diamond.
260 _aNew York :
260 _bScholastic,
260 _c1977
300 _a163 pages :
300 _bcolored illustration ;
300 _c19cm.
500 _a810
999 _c342095
_d342095